Location aware system using mobile station in GSM network /
Saved in:
| Main Author: | |
|---|---|
| Format: | Thesis Book |
| Language: | English |
| Published: |
2007.
|
| Subjects: | |
| Online Access: | http://dspace.fsktm.um.edu.my/handle/1812/615 |
| Tags: |
Add Tag
No Tags, Be the first to tag this record!
|
| LEADER | 00948cam a2200241 a 4500 | ||
|---|---|---|---|
| 001 | u763337 | ||
| 003 | SIRSI | ||
| 005 | 200812091524 | ||
| 008 | 081209s2007 my t 000 0 eng m | ||
| 040 | |a UMM. | ||
| 090 | |a QA76 |b UM 2007 Kha. | ||
| 100 | 1 | |a Khalid, Abdul Mueed. | |
| 245 | 1 | 0 | |a Location aware system using mobile station in GSM network / |c Abdul Mueed Khalid. |
| 260 | |c 2007. | ||
| 502 | |a Dissertation (M.Comp.Sc.) -- Jabatan Sistem dan Teknologi Komputer, Fakulti Sains Komputer dan Teknologi Maklumat, Universiti Malaya, 2008. | ||
| 504 | |a Bibliography: leaves 129-133. | ||
| 650 | 0 | |a Mobile communication systems. | |
| 650 | 0 | |a Wireless communication systems. | |
| 710 | 2 | |a Universiti Malaya. |b Jabatan Sistem dan Teknologi Komputer. | |
| 856 | 4 | 1 | |u http://dspace.fsktm.um.edu.my/handle/1812/615 |
| 900 | |a NAR-ZA | ||
| 596 | |a 1 | ||
| 999 | |a QA76 UM 2007 KHA |w LC |c 1 |i A513244492 |d 9/3/2010 |f 9/3/2010 |g 1 |l STACKS |m P01UTAMA |r Y |s Y |t TESIS |u 9/3/2010 | ||
